Essen nach Herkunftsland #1 - Statistiken

Allgemein
  • Dieses Quiz wurde 23.619 mal gespielt
    23.292 seit der letzten Aktualisierung
  • Das Durchschnittsergebnis liegt bei 16 aus 24
Antwortstatistiken
Essen Land % Korrekt
Sushi Japan
100%
Bratwurst Deutschland
99%
Lasagne Italien
98%
Crêpes Suzette Frankreich
93%
Gyros Griechenland
91%
Tacos Mexiko
90%
Paella Spanien
90%
Baklava Türkei
87%
Gulasch Ungarn
81%
Kimchi Korea
76%
Kipferl Österreich
72%
Stroopwafel Niederlande
67%
Phở Vietnam
67%
Tandoori Hühnchen Indien
66%
Pączki Polen
66%
Shepherd's pie Vereinigtes Königreich
61%
Moules-frites Belgien
56%
Clam chowder Vereinigte Staaten
46%
Panaeng Curry Thailand
39%
Vegemite Australien
35%
Jiaozi-Teigtaschen China
35%
Poutine Kanada
35%
Hákarl (fermentierter Hai) Island
28%
Ceviche Peru / Ecuador
14%
Keine übereinstimmenden Quizze gefunden
Verteilung der Resultate
Anzahl Personen mit jedem Resultat
Perzentil nach korrekt beantworteten Fragen
Ihre Resultats-Entwicklung
Sie haben dieses Quiz seit der letzten Aktualisierung nicht gespielt